| 000 | 00912nam a2200265 i 4500 | ||
|---|---|---|---|
| 001 | 186128 | ||
| 003 | SpMaBN | ||
| 005 | 20231201134517.0 | ||
| 008 | 160912s2003 sp |||| |bspa d | ||
| 020 | _a84-8453-126-0 | ||
| 080 | _a929 Tesanovic, Jasmina | ||
| 080 | _a821.111-94"19" | ||
| 100 | 1 |
_aTesanovic, Jasmina. _9160794 |
|
| 245 | 1 | 0 |
_aMatrimonium / _cJasmina Tesanovic ; traducción de Ana Inés Larre Borges. |
| 250 | _a1ª ed. en esta colección. | ||
| 260 |
_aBarcelona : _bEdiciones del Bronce, _c2003. |
||
| 300 |
_a204 p. ; _c22 cm. |
||
| 490 | 1 | _aReflexiones | |
| 600 | 1 | 7 |
_aTesanovic, Jasmina. _9160794 |
| 830 | 0 |
_aReflexiones _9225346 |
|
| 852 |
_aES-MaACL _jA-13797 _bR.150889 _cDEPO1 _dOlim: N-6797 _hDonación: Sección de Derechos Civiles _9193180 |
||
| 914 |
_9234614 _aAteneo de Madrid. _ednr |
||
| 942 | _2udc | ||
| 999 |
_c186128 _d186128 |
||